000 00826nam a2200205Ii 4500
003 JO-AjNU
008 230605s9999||||xx |||||||||||||| ||und||
040 _aJO-AjNU
_bara
_erda
_cJO-AjNU
041 _aara
050 1 4 _aLB2846.A3 1982
100 3 _aعدس/عبد الرحمن,
_eauthor
_915252
245 0 0 _aمبادئ الإحصاء في التربية وعلم النفس ج1 مبادئ الإحصاء الوصفي
250 _aط4
264 3 1 _aعمان:مكتبة النهضة الاسلامية،1982
300 _a314ص
336 _atext
_btxt
_2rdacontent
337 _aunmediated
_bn
_2rdamedia
338 _avolume
_bnc
_2rdacarrier
650 4 _aعلم النفس التربوي-أساليب إحصائية. التعليم-أساليب إحصائية. علم النفس-أساليب إحصائية
_915253
999 _aA4263
_c7831
_d7831